000 00765nam a2200229Ii 4500
003 JO-AjNU
008 230605s9999||||xx |||||||||||||| ||und||
017 _a2003/10/2137
040 _aJO-AjNU
_bara
_erda
_cJO-AjNU
041 _aara
050 1 4 _aPJ6065.M3222 2004
100 3 _aاعداد عبدة، داود؛ خرما،نايف؛سليم ،غازي,
_eauthor
_924459
245 0 0 _aمادة اللغة العربية (1):101
250 _aط1
264 3 1 _aعمان: دار المناهج، 2004
300 _a157ص
336 _atext
_btxt
_2rdacontent
337 _aunmediated
_bn
_2rdamedia
338 _avolume
_bnc
_2rdacarrier
490 0 _aسلسلة مهارات اللغة العربية
650 4 _aاللغة العربية-اللغة
_924460
999 _aA9011
_c12579
_d12579